Bases preliminares de un sistema de información para la evaluación de activos industriales
Salvato in:
| Autore principale: | |
|---|---|
| Natura: | Libro |
| Pubblicazione: |
[San José , Costa Rica]
1986
|
| Soggetti: | |
| Tags: |
Aggiungi Tag
Nessun Tag, puoi essere il primo ad aggiungerne!!
|
MARC
| LEADER | 00000nam a2200000Ia 4500 | ||
|---|---|---|---|
| 003 | 004132 | ||
| 005 | 20221231144357.0 | ||
| 008 | 140114s1986 cr a m 000 ||s d | ||
| 040 | |c cru CEDI | ||
| 090 | |a TFG 1785 | ||
| 100 | |a Rockbrand Castro, Bernardo Manuel |9 14282 | ||
| 245 | |a Bases preliminares de un sistema de información para la evaluación de activos industriales | ||
| 260 | |c 1986 |a [San José , Costa Rica] | ||
| 300 | |a vii, 74 hojas | ||
| 500 | |a Proyecto de graduación (licenciatura en ingeniería industrial)--Universidad de Costa Rica. Facultad de Ingeniería. Escuela de Ingeniería Industrial | ||
| 650 | |x SISTEMAS DE INFORMACION EN ADMINISTRACION |9 14283 | ||
| 942 | |c TFG | ||
| 999 | |c 20976 |d 20976 | ||
